000 01102nam a2200217 a 4500
008 120416s1983 ||||||||||||||||| || u
020 _a0801617251
050 _aRT 98 Fro
100 _aFromer, Margot Joan
245 1 0 _aCommunity health care and the nursing process
250 _a2nd ed.
260 _aLondon
_bThe C.V. Mosby Co
_c1983
300 _axiii, 491p. : ill
350 _a0.00
500 _aBibliography.
650 0 _aCOMMUNITY HEALTH NURSING
995 _aANNEX COLLECTION (Main Library)
_D0.00
_e714282
_FCBU-MAIN LIBRARY (Kitwe)
_H1
_I27.50
_jRT 98 Fro
_M3
_UAVAILABLE
_WApr 24, 2007
_y013602
_ZAnnex Low-Usage Collection
995 _aANNEX COLLECTION (Main Library)
_D0.00
_e714280
_FCBU-MAIN LIBRARY (Kitwe)
_H2
_I27.50
_jRT 98 Fro
_UAVAILABLE
_y013601
_ZAnnex Low-Usage Collection
995 _aANNEX COLLECTION (Main Library)
_D0.00
_e714281
_FCBU-MAIN LIBRARY (Kitwe)
_H4
_I27.50
_jRT 98 Fro
_UAVAILABLE
_y013633
_ZAnnex Low-Usage Collection
995 _aANNEX COLLECTION (Main Library)
_D0.00
_e714279
_FCBU-MAIN LIBRARY (Kitwe)
_H3
_I27.50
_jRT 98 Fro
_UAVAILABLE
_y013634
_ZAnnex Low-Usage Collection
999 _c79559
_d79559